[Event "2015 REGULAR QUAD, S50049"]
[Site "CCLA"]
[Date "2015.02.20"]
[Round "?"]
[White "Taylor, Bobby C."]
[Black "Martindale, Roger"]
[Result "1-0"]
[WhiteElo "1575"]
[BlackElo "1174"]

1. d4 d5 2. c4 h6 3. cxd5 Qxd5 4. Nc3 Qa5 5. Bd2 Qb6 6. Nf3 Nf6 7. Qc2 e6 
8. e4 a6 9. Be2 Nc6 10. d5 exd5 11. exd5 Nb4 12. Qb3 Nbxd5 13. Nxd5 Qxb3 
14. Nxf6+ gxf6 15. axb3 c5 16. O-O Bg7 17. Bb5+ Bd7 18. Rfe1+ Kd8 19. Ba5+
Kc8 20. Bxd7+ Kxd7 21. Rad1+ Kc6 22. Bc3 b5 23. b4 c4 24. Nd4+ Kb6 25. Nf5
Bf8 26. Rd7 Ra7 27. Bd4+ Kc6 28. Rxa7 Bxb4 29. Rxa6+ Kb7 30. Rea1 c3 31. 
bxc3 Bf8 32. Rb6+ Kc7 33. Ra7+ Kc8 34. Bxf6 Bc5 35. Nd6+ Bxd6 36. Bxh8 Bc5
37. Rc6+ Kb8 38. Rxf7 1-0

[Event "2015 Server Team Champ - Div 4, S54999"]
[Site "CCLA"]
[Date "2015.10.28"]
[Round "?"]
[White "Sanchez, David A."]
[Black "Aravind, Vasudeva R."]
[Result "1-0"]
[WhiteElo "1449"]
[BlackElo "1195"]
[Board "5"]
[WhiteTeam "Norsemen"]
[BlackTeam "Pennsylvania Pawn Pushers"]

1. d4 d5 2. c4 Nf6 3. g3 Nc6 4. Nf3 e6 5. Bg2 Be7 6. O-O O-O 7. b3 Bd7 8. 
Bb2 Re8 9. Nbd2 Bb4 10. a3 Bd6 11. Re1 Nb8 12. e4 c6 13. e5 Bc7 14. exf6 
Qxf6 15. Ne4 dxe4 16. Rxe4 c5 17. Ne5 Nc6 18. Rf4 Qe7 19. Rxf7 1-0

[Event "2015 REGULAR QUAD, S50129"]
[Site "CCLA"]
[Date "2015.03.27"]
[Round "?"]
[White "Jarmuz, Frederick"]
[Black "Wilhite, Timothy"]
[Result "1-0"]
[WhiteElo "1945"]
[BlackElo "1223"]

1. d4 d5 2. Nf3 Nf6 3. c4 Bf5 4. Nc3 Nc6 5. e3 e6 6. a3 Bd6 7. c5 Be7 8. 
Bb5 O-O 9. Bxc6 bxc6 10. Ne5 Qe8 11. O-O Rd8 12. f3 Rb8 13. b4 Ne4 14. 
fxe4 dxe4 15. g4 f6 16. Nxc6 Qxc6 17. gxf5 e5 18. Qb3+ Kh8 19. Bb2 a6 20. 
Qd5 Qxd5 21. Nxd5 exd4 22. Nxe7 Rfe8 23. Nc6 Rb5 24. Nxd4 Rb7 25. Rad1 a5 
26. c6 axb4 27. cxb7 Rb8 28. Nc6 Re8 29. Rd8 1-0

[Event "2015  Server Team - Div 3, S53999"]
[Site "CCLA"]
[Date "2015.10.30"]
[Round "?"]
[White "Shannon, Paul D."]
[Black "Gunning, Edward E."]
[Result "1-0"]
[WhiteElo "1865"]
[BlackElo "1439"]
[Board "4"]
[WhiteTeam "Canadian Snowbirds"]
[BlackTeam "Knights of the Square Table"]

1. d4 d5 2. c4 Nf6 3. Nf3 Nc6 4. cxd5 Qxd5 5. Nc3 Qh5 6. Bf4 e6 7. e4 Bb4 
8. Bd3 Qa5 9. O-O Bxc3 10. bxc3 Qxc3 11. Bxc7 O-O 12. Rc1 Qb2 13. Rc2 Qa3 
14. e5 Nb4 15. Bd6 Rd8 16. Bxb4 Qxb4 17. exf6 g6 18. Qc1 Qf8 19. Rc7 Rd5 
20. Be4 Rh5 21. Ne5 Qd6 22. Rxc8+ Rxc8 23. Qxc8+ Qf8 24. Rc1 1-0

[Event "2015 NA Class C-Rd1 Sect 1, S50091"]
[Site "CCLA"]
[Date "2015.04.27"]
[Round "?"]
[White "Sanchez, David A."]
[Black "Simonson, Jay"]
[Result "1-0"]
[WhiteElo "1449"]
[BlackElo "1359"]

1. Nf3 d5 2. c4 Nf6 3. d4 Bf5 4. cxd5 Nxd5 5. Qb3 b6 6. Nbd2 e6 7. e4 Qf6 
8. exd5 Bd6 9. Bb5+ c6 10. dxc6 O-O 11. Nc4 Bc7 12. Bg5 Qg6 13. Ne3 Be4 
14. Be7 Re8 15. Bh4 Nxc6 16. Rc1 Bxf3 17. Bxc6 Bxc6 18. Rxc6 Rac8 19. Kd2 
Qe4 20. Qc3 Qxh4 21. Rxc7 Qxf2+ 22. Kd3 Rcd8 23. Rf1 Qh4 24. Rfxf7 Qh6 25.
 Kc2 Qg6+ 26. Qd3 Qxf7 27. Rxf7 Kxf7 28. Qxh7 Rc8+ 29. Kd2 e5 30. Nf5 Kf6 
31. Nd6 Rh8 32. Qf5+ Ke7 33. Nxc8+ Rxc8 34. Qxc8 1-0

[Event "2015 Server Team Champ - Div 4, S54999"]
[Site "CCLA"]
[Date "2015.10.28"]
[Round "?"]
[White "Strelecky, Rich"]
[Black "Fritsch, Michael"]
[Result "1-0"]
[WhiteElo "1670"]
[BlackElo "1390"]
[Board "2"]
[WhiteTeam "Pawntastics"]
[BlackTeam "Pennsylvania Duck Patrol"]

1. d4 d5 2. c4 Nf6 3. cxd5 Nxd5 4. e4 Nb6 5. Nc3 e6 6. Be3 Bb4 7. Bd3 Nc6 
8. Nf3 f6 9. O-O h5 10. Bb5 a6 11. Bxc6+ bxc6 12. Nh4 g5 13. Nf3 Bb7 14. 
Qb3 Qe7 15. e5 Bxc3 16. Qxc3 g4 17. exf6 Qxf6 18. Ne5 Nd7 19. Nxc6 e5 20. 
Nxe5 Nxe5 21. dxe5 Qe7 22. Rfd1 Rd8 23. Rxd8+ Kxd8 24. Qc5 Re8 25. Qxe7+ 
Kxe7 26. Bg5+ Ke6 27. Bf6 Bd5 28. b3 c5 29. Rc1 Rc8 30. Rc3 a5 31. a4 c4 
32. bxc4 Rxc4 33. Rxc4 Bxc4 34. Bd8 Kxe5 35. Bxa5 Ke4 36. Bc7 Bd5 37. a5 
Kd3 38. a6 h4 39. a7 h3 40. gxh3 gxh3 41. f4 Ke4 42. Kf2 Kf5 43. Kg3 Bg2 
44. Be5 Kg6 45. Kg4 Kf7 46. f5 Ke7 47. f6+ Ke6 48. Bc3 Kf7 49. Kf5 Bb7 50.
 Ke5 Kf8 51. Kd6 Kf7 52. Kc7 Bf3 53. Kb8 Ke8 54. a8=Q Bxa8 55. Kxa8 Kf7 
56. Kb7 Kg6 57. Kc7 Kf7 58. Kd7 Kf8 59. Ke6 Ke8 60. f7+ Kf8 61. Bb4+ Kg7 
62. f8=Q+ Kg6 63. Qf5+ Kh6 64. Bf8# 1-0

[Event "2015 Server Team Ch - Div 2"]
[Site "CCLA"]
[Date "2015.10.30"]
[Round "?"]
[White "Marconi, Ralph P."]
[Black "Hamer, John"]
[Result "1-0"]
[WhiteElo "1964"]
[BlackElo "1910"]
[Board "4"]
[WhiteTeam "Chairmen of the Board"]
[BlackTeam "SchemingMind C"]

1. d4 Nf6 2. c4 d5 3. cxd5 Nxd5 4. e4 Nf6 5. Nc3 e6 6. Nf3 Be7 7. Bc4 O-O 
8. O-O c6 9. Qc2 b6 10. Rd1 Ba6 11. Bxa6 Nxa6 12. Qe2 Qc8 13. a3 Rd8 14. 
Bg5 h6 15. Bh4 g5 16. Bg3 Qb7 17. h4 Nh5 18. Bh2 gxh4 19. Nxh4 Nf6 20. Bf4
Bf8 21. e5 Nh7 22. Qg4+ Kh8 23. Rd3 Bg7 24. Rg3 f5 25. exf6 Nxf6 26. Qxe6 
1-0

[Event "2015 REGULAR QUAD, S50149"]
[Site "CCLA"]
[Date "2015.04.10"]
[Round "?"]
[White "Stevenson, Wayne"]
[Black "Haase, F. Philip"]
[Result "0-1"]
[WhiteElo "1702"]
[BlackElo "1813"]

1. d4 d5 2. Nf3 Bf5 3. c4 e6 4. cxd5 exd5 5. Qb3 Nc6 6. Nc3 Bb4 7. e3 Nf6 
8. Bd2 Rb8 9. a3 Bxc3 10. Bxc3 O-O 11. Be2 Ne4 12. O-O Bg4 13. h3 Bh5 14. 
Qc2 Qd6 15. b4 a6 16. Rfe1 Rfe8 17. Bb2 Ne7 18. Rac1 c6 19. Ne5 Bxe2 20. 
Qxe2 Nc8 21. f3 Ng5 22. e4 Nb6 23. Qf2 Rbd8 24. Qh4 f6 25. Nd3 Nc4 26. e5 
Qf8 27. Bc3 Ne6 28. exf6 Qxf6 29. Qxf6 gxf6 30. a4 Kf7 31. Kf2 h5 32. Nc5 
Nf4 33. g3 Nxh3+ 34. Kg2 b6 35. Nxa6 Ng5 36. Kf2 Rg8 37. Rh1 Rde8 38. Rce1
Rxe1 39. Bxe1 Re8 40. b5 cxb5 41. axb5 Re3 42. Nb4 Rxf3+ 43. Ke2 Re3+ 44. 
Kf1 Ke6 45. Rxh5 Rb3 46. Ke2 Na3 47. Rh8 Nxb5 48. Nc2 Rb2 49. Kd3 Nf3 50. 
Bf2 Nd6 51. Be3 Ne4 52. g4 b5 53. Re8+ Kd7 54. Rb8 Nh2 55. Rg8 b4 56. Rb8 
Rb3+ 57. Ke2 Nc3+ 58. Kd3 Na2+ 59. Kd2 Rb2 60. Kd3 Nxg4 61. Rb7+ Kc6 62. 
Rf7 Nxe3 63. Nxb4+ Nxb4+ 64. Kxe3 Kb5 65. Rb7+ Kc4 66. Rc7+ Kb3 67. Rf7 
Rh2 68. Rxf6 Kc3 69. Rf7 Nc2+ 0-1

[Event "Summer Series, S50301"]
[Site "CCLA"]
[Date "2015.07.25"]
[Round "?"]
[White "Avery, Bryce"]
[Black "Evans, Stanley W."]
[Result "0-1"]
[WhiteElo "1657"]
[BlackElo "1834"]

1. d4 d5 2. Nf3 Bf5 3. c4 e6 4. e3 Nf6 5. Nc3 Nc6 6. a3 Be7 7. b4 O-O 8. 
cxd5 exd5 9. Be2 Qd6 10. O-O a6 11. Bb2 h6 12. Qb3 Rfd8 13. Rac1 Qe6 14. 
Na4 Ne4 15. Nc5 Nxc5 16. dxc5 Bf6 17. Bxf6 Qxf6 18. Rfd1 Bg6 19. Rxd5 Rxd5
20. Qxd5 Qb2 21. Qd2 Qxa3 22. b5 axb5 23. Bxb5 Rd8 24. Qe1 Nb4 25. Ne5 Nc2
26. Qf1 Nxe3 27. Qe1 Nc2 28. Qf1 Nd4 29. Nxg6 Nxb5 30. Nf4 Nc3 31. h4 Ne4 
32. Qc4 Nxc5 33. Nd5 Rxd5 0-1

[Event "Winter Series, S50011"]
[Site "CCLA"]
[Date "2015.01.28"]
[Round "?"]
[White "Deskin, Gary"]
[Black "Owens, Johnny"]
[Result "1-0"]
[WhiteElo "2172"]
[BlackElo "2159"]

1. d4 d5 2. c4 Bf5 3. cxd5 Bxb1 4. Rxb1 Qxd5 5. e3 Nf6 6. Bd2 e6 7. Rc1 
Bd6 8. Nf3 Nbd7 9. Bc4 Qh5 10. h3 Ne4 11. O-O O-O 12. Be1 Ndf6 13. Bd3 
Rad8 14. Qc2 Qd5 15. g4 h6 16. Bc4 Qc6 17. Ne5 Ng5 18. Nxc6 Nf3+ 19. Kg2 
Nxe1+ 20. Rfxe1 bxc6 21. Bb3 Rb8 22. Qxc6 Rfd8 23. e4 Rb6 24. Qa4 Rb4 25. 
Qxa7 Bf4 26. Rcd1 c6 27. d5 exd5 28. exd5 cxd5 29. Bxd5 Nxd5 30. Rxd5 Rf8 
31. Rd4 Rxd4 32. Qxd4 1-0

[Event "2015 Server Team Ch - Div 1, S51999"]
[Site "CCLA"]
[Date "2015.10.30"]
[Round "?"]
[White "Smyth, Sandy"]
[Black "Laine, Jari"]
[Result "1/2-1/2"]
[WhiteElo "1945"]
[BlackElo "2223"]
[Board "5"]
[WhiteTeam "BCCA Rooks"]
[BlackTeam "Gustafson Winners"]

1. d4 d5 2. c4 Bf5 3. cxd5 Bxb1 4. Qa4+ c6 5. Rxb1 Qxd5 6. e3 Nd7 7. Nf3 
e6 8. b4 b5 9. Qc2 f5 10. a4 Ngf6 11. axb5 cxb5 12. Qb3 a6 13. Be2 Bd6 14.
 O-O O-O 15. Ne1 Rfc8 16. Nd3 a5 17. Nc5 Qxb3 18. Rxb3 Bxc5 19. bxc5 b4 
20. Rb2 Nd5 21. f3 N7f6 22. Bd3 Rd8 23. Bd2 1/2-1/2

[Event "2015 Server Team Ch - Div 1, S51999"]
[Site "CCLA"]
[Date "2015.10.30"]
[Round "?"]
[White "Parente, Antonio"]
[Black "Laine, Jari"]
[Result "1/2-1/2"]
[WhiteElo "2081"]
[BlackElo "2223"]
[Board "5"]
[WhiteTeam "SchemingMind B"]
[BlackTeam "Gustafson Winners"]

1. d4 d5 2. c4 Nc6 3. Nf3 Bg4 4. Nc3 e6 5. cxd5 exd5 6. Bf4 Bxf3 7. gxf3 
Bd6 8. Bg3 Nge7 9. e3 O-O 10. a3 a6 11. Bd3 f5 12. f4 Kh8 13. b4 Qe8 14. 
O-O Na7 15. Qc2 Qf7 16. Na4 Rab8 17. Nc5 Nec6 18. Qc3 Bxc5 19. bxc5 Qf6 
20. Rfb1 h5 21. h4 g6 22. Qd2 Nd8 23. Be2 Nac6 24. Kf1 Ne7 25. Ra2 Ng8 26.
 Rbb2 Qe6 27. Ra1 Nf6 28. f3 Re8 29. Bf2 Nh7 30. Qa5 Re7 31. Qc3 Nf8 32. 
Rc1 Re8 1/2-1/2

[Event "Winter Series, S50011"]
[Site "CCLA"]
[Date "2015.01.28"]
[Round "?"]
[White "Deskin, Gary"]
[Black "Jones, Jan"]
[Result "1-0"]
[WhiteElo "2172"]
[BlackElo "2228"]

1. d4 d5 2. c4 Nc6 3. Nf3 Bg4 4. Nc3 e6 5. cxd5 exd5 6. Bf4 Bxf3 7. gxf3 
Bd6 8. Be3 Nge7 9. Qb3 O-O 10. O-O-O Na5 11. Qc2 c6 12. Kb1 Ng6 13. h4 
Nxh4 14. Bc1 Re8 15. e4 Be7 16. e5 g6 17. Qd2 Kh8 18. Qh6 Rg8 19. b4 Rg7 
20. bxa5 Nxf3 21. Rd3 Bg5 22. Bxg5 Nxg5 23. f4 Ne6 24. Bh3 Qf8 25. f5 gxf5
26. Bxf5 Rg1+ 27. Kc2 Rg2+ 28. Kc1 Qxh6+ 29. Rxh6 Re8 30. Rxh7+ Kg8 31. 
Rdh3 Kf8 32. Bxe6 Rxe6 33. Rh8+ Rg8 34. Na4 Rg6 35. Nc5 Rg1+ 36. Kc2 b6 
37. axb6 axb6 38. Nd7+ Ke7 39. Rxg8 Rxg8 40. Nxb6 Rg2+ 41. Kb3 Rg1 42. Na4
Rg4 43. Kc3 Rg2 44. a3 Rg1 45. Nc5 Ra1 46. Kb2 Rd1 47. Rh4 Rf1 48. a4 Kd8 
49. Rh8+ Ke7 50. a5 Rf2+ 51. Kb3 Rf3+ 52. Kb4 Rf2 53. a6 Rb2+ 54. Kc3 Ra2 
55. Rb8 Ra3+ 56. Kb4 1-0

[Event "Premier Quad, S50439"]
[Site "CCLA"]
[Date "2015.11.11"]
[Round "?"]
[White "Silverman, Robert"]
[Black "Vecchio, Ralph"]
[Result "0-1"]
[WhiteElo "1905"]
[BlackElo "1845"]

1. Nf3 d5 2. d4 Nc6 3. c4 Nf6 4. Nc3 e6 5. Bg5 h6 6. Bd2 dxc4 7. e3 a6 8. 
Bxc4 b5 9. Bd3 Nb4 10. Be2 Bb7 11. a4 c6 12. O-O Bd6 13. e4 Be7 14. e5 
Nfd5 15. Ne4 Qc7 16. a5 O-O 17. Qb3 c5 18. dxc5 Nc6 19. Nd6 Rab8 20. Ne4 
Nxe5 21. Nd4 Bxc5 22. Rac1 Nc4 23. Bxc4 Bxd4 24. Bxd5 Bxd5 25. Rxc7 Bxb3 
26. Bc3 Rfd8 27. Ra1 Bxc3 28. Rxc3 Bd5 29. f3 Bxe4 30. fxe4 Rd4 31. Rc7 
Rxe4 32. Rf1 f5 33. Rd1 Kh7 34. Rdd7 Rg8 35. Ra7 Rb4 36. Rd2 Rc8 37. Rxa6 
Rc1+ 38. Kf2 e5 39. Re6 Rf4+ 40. Kg3 Rg4+ 41. Kh3 e4 42. Re7 Ra1 43. b4 
Ra3+ 44. g3 h5 45. Re5 g6 46. Kg2 h4 47. Rxb5 hxg3 48. h3 Rf4 49. Rb6 e3 
50. Rd7+ Kh6 51. Re7 Kg5 0-1

[Event "2015 Server Team Champ - Div 4, S54999"]
[Site "CCLA"]
[Date "2015.10.28"]
[Round "?"]
[White "Smith, Jason A."]
[Black "Fisher Jr., Arthur"]
[Result "1-0"]
[WhiteElo "1738"]
[BlackElo "1691"]
[Board "1"]
[WhiteTeam "Pennsylvania Pawn Pushers"]
[BlackTeam "Norsemen"]

1. Nf3 Nc6 2. d4 d5 3. c4 Nf6 4. Nc3 Bg4 5. cxd5 Nxd5 6. e4 Nxc3 7. bxc3 
a6 8. Bc4 e6 9. O-O Be7 10. Rb1 b5 11. Be2 O-O 12. e5 Rb8 13. a4 bxa4 14. 
Rxb8 Qxb8 15. Qxa4 Qb6 16. h3 Bh5 17. g4 Bg6 18. Qxa6 Qxa6 19. Bxa6 f6 20.
 Bc4 Bf7 21. exf6 Bxf6 22. Bf4 Bd8 23. Ne5 Nxe5 24. Bxe5 h6 25. Ra1 Bf6 
26. Bxc7 Rc8 27. Ra7 Bd8 28. Bxd8 Rxc4 29. Ba5 Ra4 30. Bb6 Rc4 31. Rc7 Ra4
32. h4 e5 33. g5 hxg5 34. hxg5 exd4 35. Bxd4 Rc4 36. Ra7 Rc6 37. f4 Kf8 
38. Ra8+ Be8 39. Bxg7+ Kxg7 40. Rxe8 Rxc3 41. Kf2 Kg6 42. Re6+ Kg7 43. Re3
Rc6 44. Kf3 Kg6 45. Kg4 Rd6 46. f5+ Kf7 47. g6+ Kf6 48. Re8 Rd4+ 49. Kh5 
Kxf5 50. g7 Rd1 51. Rf8+ 1-0

[Event "Premier Quad, S50289"]
[Site "CCLA"]
[Date "2015.07.20"]
[Round "?"]
[White "Capuzzi, Gabriele"]
[Black "Evans, Stanley W."]
[Result "0-1"]
[WhiteElo "1615"]
[BlackElo "1834"]

1. d4 d5 2. c4 e5 3. dxe5 d4 4. a3 c5 5. e3 Nc6 6. Nf3 Nge7 7. exd4 cxd4 
8. b4 Ng6 9. Bb2 Bg4 10. Qd3 Bxf3 11. Qxf3 Ngxe5 12. Qe4 Qe7 13. Nd2 f5 
0-1

[Event "Winter Series, S50011"]
[Site "CCLA"]
[Date "2015.01.28"]
[Round "?"]
[White "Deskin, Gary"]
[Black "Quirk, Michael"]
[Result "1-0"]
[WhiteElo "2172"]
[BlackElo "2159"]

1. d4 d5 2. c4 e5 3. dxe5 d4 4. Nf3 Nc6 5. Nbd2 Nh6 6. h3 Nf5 7. g3 Qe7 8.
 Bg2 Nxe5 9. O-O c5 10. b4 cxb4 11. a3 Nc6 12. axb4 Qxb4 13. g4 Nh6 14. 
Ba3 Qb6 15. c5 Qd8 16. Nc4 Be6 17. Nd6+ Bxd6 18. cxd6 O-O 19. Nxd4 Bd7 20.
 Rb1 Rb8 21. Rxb7 Rxb7 22. Nxc6 Bxc6 23. Bxc6 Rb6 24. Qd5 Ra6 25. Bc5 Kh8 
26. d7 Ra5 27. Rc1 Ng8 28. Qd6 Rxc5 29. Rxc5 Nf6 30. Ra5 Qb8 31. Qxb8 Rxb8
32. Rxa7 g5 33. Rc7 Kg7 34. e4 Rd8 35. e5 Nxd7 36. Bxd7 Kf8 37. Rc8 Ke7 
38. Rxd8 Kxd8 39. Bf5 h6 40. Kg2 1-0

[Event "Summer Series, S50341"]
[Site "CCLA"]
[Date "2015.07.25"]
[Round "?"]
[White "Leber, David"]
[Black "Cain, Larry F."]
[Result "0-1"]
[WhiteElo "1311"]
[BlackElo "1353"]

1. d4 d5 2. c4 Nf6 3. e3 c6 4. c5 e6 5. Nf3 Nbd7 6. Ne5 Nxe5 7. dxe5 Nd7 
8. b3 Nxe5 9. Qh5 Ng6 10. Bd3 Bxc5 11. Bb2 Bb4+ 12. Nc3 d4 13. exd4 Qh4 
14. Qf3 O-O 15. O-O Bd7 16. Ne4 Rad8 17. a3 Be7 18. Rac1 Nf4 19. Bc4 b5 
20. Be2 Nd5 21. Qd3 a6 22. Nc5 Bxc5 23. dxc5 Qg5 24. Qd4 Rfe8 25. Rcd1 e5 
26. Qd3 Nf4 27. Qf3 Bh3 28. g3 Bxf1 29. Bxf1 Rc8 30. Qe4 a5 31. Rd6 Qg4 
32. Bxe5 Nh3+ 33. Kh1 Nxf2+ 34. Kg1 Nxe4 35. Rd3 Rxe5 36. Re3 Rd8 37. Be2 
Qg5 38. Rf3 Qc1+ 39. Kg2 Rd2 40. Kh3 Ng5+ 41. Kg2 Rexe2+ 0-1

[Event "2015 NA Class C-Rd1 Sect 1, S50091"]
[Site "CCLA"]
[Date "2015.04.27"]
[Round "?"]
[White "Taylor, Bobby C."]
[Black "Nurmi, Ronald"]
[Result "1/2-1/2"]
[WhiteElo "1575"]
[BlackElo "1458"]

1. d4 d5 2. c4 c6 3. Nc3 dxc4 4. e4 b5 5. a4 b4 6. Nce2 e6 7. Nf3 Nf6 8. 
Ng3 Ba6 9. Bf4 Qa5 10. Rc1 b3+ 11. Bd2 Qxa4 12. Ra1 Qb5 13. Ne5 Be7 14. 
Bxc4 Qb7 15. Qe2 Bxc4 16. Qxc4 O-O 17. O-O Rd8 18. Bc3 Nfd7 19. Nf3 c5 20.
 dxc5 Nxc5 21. Ne5 Nbd7 22. Rfe1 f6 23. Nxd7 Rxd7 24. Red1 Rxd1+ 25. Rxd1 
Rc8 26. Qb4 Rc7 27. Qxb7 Nxb7 28. Ra1 1/2-1/2

[Event "2015 Server Team Ch - Div 1, S51999"]
[Site "CCLA"]
[Date "2015.10.30"]
[Round "?"]
[White "Silverman, Robert"]
[Black "Hollands, George"]
[Result "0-1"]
[WhiteElo "1897"]
[BlackElo "2178"]
[Board "6"]
[WhiteTeam "Pennsylvania Keystones"]
[BlackTeam "SchemingMind A"]

1. d4 d5 2. c4 c6 3. Nc3 Nf6 4. e3 Bf5 5. cxd5 cxd5 6. Qb3 Nc6 7. Nf3 Rb8 
8. Bb5 e6 9. Ne5 Bd6 10. a3 O-O 11. Bxc6 bxc6 12. Qa4 Bxe5 13. dxe5 Nd7 
14. Qd4 c5 15. Qd1 Nxe5 16. e4 Bg4 17. f3 Qh4+ 18. Kf1 d4 19. fxg4 dxc3 
20. bxc3 f5 21. Kg1 f4 22. Ra2 f3 23. g3 Qxg4 24. Rf2 Qxe4 25. h3 Nd3 26. 
Qd2 Nxc1 27. Qxc1 Rb1 28. Qf1 Rxf1+ 29. Rxf1 Qe3+ 30. Rf2 Qe1+ 0-1

[Event "2015 Server Team Ch - Div 2"]
[Site "CCLA"]
[Date "2015.10.30"]
[Round "?"]
[White "Clancey, James"]
[Black "Hamer, John"]
[Result "1-0"]
[WhiteElo "1858"]
[BlackElo "1910"]
[Board "4"]
[WhiteTeam "Queen & Knights"]
[BlackTeam "SchemingMind C"]

1. d4 d5 2. c4 c6 3. Nc3 Nf6 4. e3 Bf5 5. cxd5 cxd5 6. Qb3 Bc8 7. Nf3 Nc6 
8. Ne5 e6 9. f4 Be7 10. Bd3 O-O 11. O-O Nd7 12. Bd2 Ndxe5 13. fxe5 Bd7 14.
 Rf2 Qc7 15. Raf1 f6 16. Nxd5 exd5 17. Qxd5+ Kh8 18. exf6 Bxf6 19. Qh5 g6 
20. Bxg6 1-0

[Event "Summer Series, S50341"]
[Site "CCLA"]
[Date "2015.07.25"]
[Round "?"]
[White "Brown, David P."]
[Black "Cain, Larry F."]
[Result "1-0"]
[WhiteElo "1362"]
[BlackElo "1353"]

1. d4 d5 2. c4 c6 3. Nf3 Nd7 4. cxd5 cxd5 5. e3 a6 6. Nc3 e6 7. Bd3 Bb4 8.
 O-O Bxc3 9. bxc3 Ngf6 10. c4 O-O 11. a4 b6 12. Bd2 Bb7 13. Bb4 Re8 14. 
Qb3 a5 15. Bd6 Rc8 16. Rac1 Nb8 17. c5 Nc6 18. Bb5 Nd7 19. Rfd1 bxc5 20. 
dxc5 Ra8 21. Nd4 Kh8 22. Nxc6 Qf6 23. Nd4 Red8 24. c6 Bxc6 25. Nxc6 Rg8 
26. Be7 Qf5 27. Nd4 Qe5 28. Bxd7 Qe4 29. Nb5 Qe5 30. Nd6 Qh5 31. Bc6 Rab8 
32. Qc3 h6 33. Qxa5 Rb2 34. Be8 Qe2 35. Rf1 Kh7 36. Bxf7 Rgb8 37. Bxe6 Qh5
38. Bf5+ Kh8 39. Qxd5 1-0

[Event "2015  Server Team - Div 3, S53999"]
[Site "CCLA"]
[Date "2015.10.30"]
[Round "?"]
[White "Ritzmann, Andrew M."]
[Black "Gosling, David C."]
[Result "0-1"]
[WhiteElo "1333"]
[BlackElo "1500"]
[Board "5"]
[WhiteTeam "Knights of the Square Table"]
[BlackTeam "BCCA Bishops"]

1. d4 d5 2. c4 c6 3. Nf3 Bg4 4. Ne5 Bh5 5. cxd5 Qxd5 6. Nc3 Qa5 7. g3 Nf6 
8. Bg2 e6 9. O-O Bd6 10. Bg5 Bxe5 11. dxe5 Nfd7 12. f4 O-O 13. Qc2 f5 14. 
Be7 Rf7 15. Bd6 Na6 16. a3 Nc7 17. b4 Qb6+ 18. Kh1 Nd5 19. Nxd5 cxd5 20. 
Rfd1 Qd8 21. Bc7 Qe8 22. Rd4 Nf8 23. e3 Rc8 24. Qc5 Rfxc7 25. Qxc7 Rxc7 
26. h4 Be2 27. Kh2 Bc4 28. Rc1 Qa4 29. Kh3 Qxa3 30. b5 Qxe3 31. Rdd1 Rc5 
32. Rb1 Bxb5 33. Rf1 a6 34. Rf3 Qd2 0-1

[Event "Premier Quad, S50269"]
[Site "CCLA"]
[Date "2015.06.15"]
[Round "?"]
[White "Disque, Philip"]
[Black "Catania, Duane"]
[Result "1/2-1/2"]
[WhiteElo "1603"]
[BlackElo "1684"]

1. Nf3 d5 2. d4 Nf6 3. c4 c6 4. g3 Bf5 5. b3 e6 6. Bg2 Be7 7. Nbd2 O-O 8. 
Nh4 Bg4 9. h3 Bh5 10. Nhf3 Nbd7 11. O-O h6 12. Bb2 Re8 13. Ne5 Nh7 14. g4 
Nxe5 15. dxe5 Bg6 16. cxd5 cxd5 17. e4 dxe4 18. Nxe4 Qb6 19. Qd4 Qxd4 20. 
Bxd4 Red8 21. Rad1 Bxe4 22. Bxe4 Rd7 23. Be3 Rc7 24. Rc1 Rd7 25. Rfd1 Rad8
26. Rxd7 Rxd7 27. Rc8+ Nf8 28. Bc2 b6 29. Kf1 Rd8 30. Rxd8 Bxd8 31. f4 Nd7
32. Kf2 Be7 33. Bd4 Kf8 34. Kg3 Nc5 35. b4 Na6 36. a3 Nc7 37. Bd3 g6 38. 
h4 Kg8 39. f5 gxf5 40. gxf5 exf5 41. Bxf5 Ne6 42. Bxe6 fxe6 43. Kg4 Kh7 
44. Kh5 Bf8 45. Be3 Be7 46. Bxh6 Bxh4 47. Kxh4 Kxh6 48. b5 Kg6 1/2-1/2

[Event "Winter Series, S50051"]
[Site "CCLA"]
[Date "2015.01.28"]
[Round "?"]
[White "Perry, William E."]
[Black "Nurmi, Ronald"]
[Result "1-0"]
[WhiteElo "1442"]
[BlackElo "1458"]

1. d4 d5 2. c4 c6 3. Nf3 Nf6 4. e3 dxc4 5. Bxc4 b5 6. Bd3 e6 7. O-O a6 8. 
e4 c5 9. e5 Nd5 10. dxc5 Bxc5 11. Qc2 Qe7 12. Bxh7 g6 13. Bxg6 fxg6 14. 
Qxg6+ Qf7 15. Qxf7+ Kxf7 16. Ng5+ Ke7 17. Ne4 Bd4 18. Rd1 Bxe5 19. g3 Kd7 
20. h4 Kc7 21. Nc5 Kb6 22. Nd3 Bf6 23. Bd2 Bd7 24. Nc3 Nxc3 25. Bxc3 Bxc3 
26. bxc3 Nc6 27. Kg2 Rad8 28. Rh1 e5 29. f3 Bh3+ 30. Rxh3 Rxd3 31. g4 Rxc3
32. h5 e4 33. fxe4 Rxh3 34. Kxh3 Ne5 35. Rf1 Kc5 36. Rf6 a5 37. Kg3 Kd4 
38. Kf4 b4 39. Rd6+ 1-0

[Event "Summer Series, S50341"]
[Site "CCLA"]
[Date "2015.07.25"]
[Round "?"]
[White "Brown, David P."]
[Black "Bearce, Harold L."]
[Result "1-0"]
[WhiteElo "1362"]
[BlackElo "1111"]

1. d4 d5 2. c4 c6 3. Nf3 Bg4 4. e3 Nf6 5. h3 Bxf3 6. Qxf3 e6 7. a3 dxc4 8.
 Bxc4 Nbd7 9. Nc3 Nb6 10. Bd3 Bd6 11. e4 O-O 12. O-O a6 13. e5 Nfd7 14. 
exd6 Nc8 15. Bf4 b5 16. Be4 Qb6 17. Bxc6 Ra7 18. d5 Qd8 19. dxe6 Nf6 20. 
Rad1 fxe6 21. Qe3 Nd7 22. Rfe1 Nb8 23. Qxe6+ Kh8 24. d7 Nxc6 25. Qxc6 Nb6 
26. Re8 1-0

[Event "2015 REGULAR QUAD, S50259"]
[Site "CCLA"]
[Date "2015.06.10"]
[Round "?"]
[White "Rager, Mark"]
[Black "Bearce, Harold L."]
[Result "1-0"]
[WhiteElo "1400"]
[BlackElo "1095"]

1. d4 d5 2. c4 c6 3. Nf3 Nf6 4. Nc3 Bg4 5. e3 e6 6. h3 Bxf3 7. Qxf3 Be7 8.
 Bd3 Nbd7 9. Bd2 O-O 10. g4 g5 11. h4 gxh4 12. g5 Ne8 13. Bxh7+ Kxh7 14. 
Qh5+ 1-0

[Event "2015 Server Team Champ - Div 4, S54999"]
[Site "CCLA"]
[Date "2015.10.28"]
[Round "?"]
[White "Strelecky, Rich"]
[Black "Cangelosi, Dominic"]
[Result "1-0"]
[WhiteElo "1670"]
[BlackElo "1419"]
[Board "2"]
[WhiteTeam "Pawntastics"]
[BlackTeam "Pennsylvania Pawn Pushers"]

1. d4 d5 2. c4 Nf6 3. Nc3 c6 4. Nf3 Bg4 5. e3 Ne4 6. Qb3 Qb6 7. Ne5 Bf5 8.
 Qxb6 axb6 9. cxd5 Nxc3 10. bxc3 cxd5 11. Bb5+ Nd7 12. O-O Ra5 13. a4 f6 
14. Nf3 e5 15. dxe5 Be7 16. Nd4 Bg4 17. e6 Kd8 18. Bxd7 Bh5 19. Nf5 Be8 
20. Bxe8 Rxe8 21. Nxg7 Rg8 22. Nf5 Bc5 23. Rd1 Kc7 24. Rxd5 Rg5 25. e4 Rg4
26. Rd7+ Kc8 27. Ng3 Bf8 28. e7 Bxe7 29. Rxe7 h5 30. Be3 b5 31. Nxh5 Rxa4 
32. Rxa4 bxa4 33. Nxf6 1-0

[Event "2015 Server Team Ch - Div 1, S51999"]
[Site "CCLA"]
[Date "2015.10.30"]
[Round "?"]
[White "Pedersen, Roger"]
[Black "Hollands, George"]
[Result "0-1"]
[WhiteElo "1926"]
[BlackElo "2178"]
[Board "6"]
[WhiteTeam "Paul Morphy's Hair"]
[BlackTeam "SchemingMind A"]

1. d4 d5 2. c4 c6 3. e3 Nf6 4. Nc3 Bf5 5. Nf3 a6 6. Bd3 Bg6 7. O-O e6 8. 
b3 Nbd7 9. Bb2 Bb4 10. a3 Ba5 11. Rc1 Bc7 12. Bxg6 hxg6 13. h3 O-O 14. Qc2
Re8 15. e4 dxc4 16. bxc4 e5 17. d5 Qe7 18. Rfd1 Bd6 19. Qd2 Rad8 20. Rb1 
cxd5 21. Nxd5 Nxd5 22. cxd5 Rc8 23. Rbc1 Nb6 24. Qd3 Na4 25. Ba1 Rxc1 26. 
Rxc1 Bxa3 27. Rc4 b5 28. Rc6 Bd6 29. Qc2 Ra8 30. g3 Kh7 31. Qc1 f6 32. Kg2
Nc5 33. Nd2 a5 34. Qb1 Rb8 35. Bb2 Nd7 36. f3 a4 37. Qc2 Qf8 38. g4 g5 39.
 Nf1 a3 40. Ba1 b4 41. Nd2 Nc5 42. Nb3 Nxb3 43. Qxb3 Rc8 44. Qc4 Rxc6 45. 
dxc6 Qg8 46. Qc2 b3 47. Qc3 b2 48. Bxb2 Qa2 49. c7 axb2 50. c8=Q b1=Q+ 0-1

[Event "Premier Quad, S50229"]
[Site "CCLA"]
[Date "2015.05.15"]
[Round "?"]
[White "Sereni, Vincent T."]
[Black "Blankenship, Jerry T."]
[Result "1-0"]
[WhiteElo "2117"]
[BlackElo "1564"]

1. d4 d5 2. c4 c6 3. Nf3 Nf6 4. e3 Bf5 5. Nc3 Nbd7 6. cxd5 cxd5 7. Qb3 e6 
8. Nh4 Be4 9. f3 Bg6 10. Nxg6 hxg6 11. Qxb7 Rb8 12. Qxa7 Bd6 13. Bd3 Bb4 
14. Bd2 Qb6 15. Qxb6 Nxb6 16. b3 Bd6 17. Kf2 Kd7 18. h3 1-0